Coventry City Squad 2023-2024 - Statistics

General Stats
  • This quiz has been taken 46 times
  • The average score is 20 of 25
Answer Stats
# Position Nation Player % Correct
11 FW United States Haji Wright
94%
45 MF Jamaica Kasey Palmer
91%
13 GK England Ben Wilson
89%
9 FW England Ellis Simms
89%
7 MF Japan Tatsuhiro Sakamoto
89%
27 DF Netherlands Milan van Ewijk
86%
29 MF Denmark Victor Torp
86%
14 MF England Ben Sheaf
83%
4 DF England Bobby Thomas
83%
10 MF England Callum O'Hare
83%
3 DF Wales Jay Dasilva
80%
28 MF England Josh Eccles
80%
- Coach England Mark Robins
80%
24 FW England Matt Godden
77%
30 FW Portugal Fábio Tavares
74%
2 DF England Luis Binks
74%
40 GK England Brad Collins
71%
21 DF England Jake Bidwell
71%
22 DF Jamaica Joel Latibeaudiere
71%
6 MF Scotland Liam Kelly
71%
15 DF England Liam Kitching
71%
8 MF England Jamie Allen
69%
1 GK England Simon Moore
69%
5 DF England Kyle McFadzean
66%
26 MF Sweden Yasin Ayari
57%
No matching quizzes found
Score Distribution
Percent of People with Each Score
Percentile by Number Answered
Your Score History
You have not taken this quiz